000 00800nam a2200229 4500
001 148883
003 ES-MaACL
007 t|
008 070214s1962 mx r ||||1| spa d
100 1 _aSukhstme, Pandurang V.
_9108745
245 1 0 _aTeoría de encuestas por muestreo con aplicaciones /
_cPandurang V. Sukhstme ; traducción... de Ana María Flores y José Nieto Pascual.
250 _a[2ª ed.].
260 _aMéxico [etc.] :
_bFondo de Cultura Económica,
_c[1962] (
_fLitoarte)
300 _aXXXI, 496 p. ;
_c24 cm.
490 1 _aSección Obras de Economía
700 1 _aFlores, Ana María.
_951250
700 1 _aNieto Pascual, José.
_985706
830 0 _aSección de obras de economía
_9179924
852 _aES-MaACL
_jE-6998
_bR.91337
942 _2udc
999 _c148883
_d148883